[Event "Belgrade Spring Open 2021"]
[Site "Belgrade"]
[Date "2021.04.09"]
[Round "9.8"]
[White "Cobic, Vladimir"]
[Black "Velickovic, Sasa"]
[Result "0-1"]
[WhiteElo "2365"]
[BlackElo "2274"]
[Annotator "TA"]
[PlyCount "136"]
[EventDate "2021.04.02"]
[EventType "swiss"]
[EventCountry "SRB"]
[SourceTitle "playchess.com"]
[Source "ChessBase"]
[SourceQuality "1"]

{[%evp 22,136,55,49,58,62,56,40,45,33,42,42,62,34,51,60,65,34,70,35,76,2,84,59,74,61,68,35,50,45,61,14,58,0,45,31,47,28,44,40,50,33,45,0,43,0,18,-77,3,-12,33,0,0,0,44,-60,0,0,0,0,0,0,0,-37,-37,-72,-38,-187,-86,-86,-86,-86,-86,-86,-86,-86,-86,-86,-86,-68,-74,-232,-200,-366,-351,-433,-455,-440,-436,-380,-236,-216,-209,-242,-242,-225,-225,-721,-705,-435,-700,-434,-373,-10571,-693,-410,-332,-29971,-29972,-29977,-29954,-29981,-29982,-29981,-29982,-29981,-29981]} 1. e4 c5 2. Nc3 e6 3. g3 Nc6 4. Bg2 d6 5. Nge2 Nf6 6. O-O Be7 7. d4 cxd4 8. Nxd4 Bd7 9. Ndb5 Qb8 10. Bg5 a6 11. Bxf6 gxf6 12. Nd4 Qa7 {B80: Sicilian Scheveningen: 6 g3 and 6 Be3, including English Attack.} 13. Nxc6 bxc6 {[#]} 14. Qd3 $146 ({Predecessor:} 14. b3 O-O 15. Na4 d5 16. exd5 cxd5 17. c4 d4 18. Bxa8 Rxa8 19. c5 e5 20. Qf3 f5 21. Qd5 Bf6 22. Nb6 Rd8 23. Nxd7 Rxd7 24. Qf3 Qxc5 25. Rac1 Qd5 26. Qxf5 Kg7 27. Rc8 {1-0 (27) Schoeneberg,M (2315)-Sanchez Almeyra,J (2380) Berlin 1990}) 14... Rb8 {White is slightly better.} 15. b3 a5 16. Na4 O-O 17. c4 Rb4 18. Rfd1 Rd8 19. Rab1 Be8 20. Rd2 Rdb8 21. Bf3 (21. Nc3 $16) 21... Rd8 (21... d5 $1 $11 {remains equal.} 22. Rc1 (22. exd5 cxd5 23. Nb2 dxc4 $15) 22... dxc4 23. Rxc4 c5) 22. Kg2 Rbb8 23. h4 Bf8 24. h5 Bh6 25. Rdd1 Bg5 26. Rh1 Bh6 (26... d5 $5) 27. Rh4 (27. Qc3 $14) 27... Qe7 (27... Bg5 {feels hotter.} 28. Rhh1) 28. Re1 Bg5 29. Rhh1 Bh6 30. Nc3 Qa7 31. Bd1 Qc5 32. Bc2 Kf8 33. f4 Qa3 34. Kf3 (34. Re2 $11 {keeps the balance.}) 34... Qc5 (34... d5 $1 $17 35. Nb1 (35. exd5 f5 $17) (35. cxd5 cxd5 36. exd5 f5 $17) 35... Qxa2) 35. Rd1 e5 36. Rd2 Ke7 37. Na4 Qa3 38. Qc3 (38. Rhd1 $14) 38... Qb4 ({Black should try} 38... c5 $15 39. Nb2 (39. Qxa5 Kf8 $15) 39... Bd7) 39. Rhd1 $11 c5 40. Qd3 Bxa4 41. bxa4 {Strongly threatening Rb1.} Qb7 42. Rb1 Qd7 {...Rxb1 is the strong threat.} 43. Rb5 Rg8 {Hoping for ...Rxb5.} 44. Rg2 {[#]} (44. Rxb8 $15 Rxb8 45. Rh2) 44... Rxb5 (44... Qg4+ $1 $19 {is more deadly.} 45. Kf2 exf4) 45. cxb5 $17 Qg4+ 46. Kf2 exf4 47. Qf3 fxg3+ 48. Rxg3 Qh4 $36 {[%mdl 2048] Black is really pushing.} 49. Kg2 Rxg3+ 50. Qxg3 Qxh5 51. Kf2 $2 (51. Qd3 $17) 51... Bg5 $19 {White must now prevent ...Bh4.} 52. Qg2 $2 (52. Kg2 {was worth a try.}) 52... Qh4+ 53. Ke2 Qf4 54. Qf2 Qd2+ 55. Kf3 {intending Qxd2.} Qxf2+ 56. Kxf2 {[%mdl 4096] Endgame [#] KB-KB} c4 57. Kf3 Kd7 58. Kg4 Kc7 59. e5 $2 (59. Bb1) 59... dxe5 60. Bxh7 Be3 61. Kf3 Bb6 62. Bg8 $2 (62. Ke4 Kd6 63. Bf5) 62... Kd6 (62... f5 $142 63. Bxf7 c3) 63. Bxf7 c3 {( -> ...c2)} 64. Bb3 $2 (64. Bg6 $19 Kc5 65. Ke2) 64... f5 {Black mates.} 65. Bc2 Ke6 66. a3 e4+ 67. Kf4 Bc7+ 68. Ke3 Ke5 {Weighted Error Value: White=0.42/Black=0.21} 0-1

[Event "Belgrade Spring Open 2021"]
[Site "Belgrade"]
[Date "2021.04.09"]
[Round "9.9"]
[White "Skare, Goran"]
[Black "Milosevic, Milos"]
[Result "0-1"]
[WhiteElo "2233"]
[BlackElo "2334"]
[Annotator "NA"]
[PlyCount "108"]
[EventDate "2021.04.02"]
[EventType "swiss"]
[EventCountry "SRB"]
[SourceTitle "playchess.com"]
[Source "ChessBase"]
[SourceQuality "1"]
[TimeControl "5400+30"]

1. d4 {[%emt 0:00:00]} Nf6 {[%emt 0:00:00]} 2. c4 {[%emt 0:00:16]} g6 {[%emt 0:00:00]} 3. Nc3 {[%emt 0:01:21]} d5 {[%emt 0:00:00]} 4. Nf3 {[%emt 0:14:59]} Bg7 {[%emt 0:00:00]} 5. g3 {[%emt 0:00:13]} O-O {[%emt 0:00:07]} 6. Bg2 {[%emt 0:00:03]} dxc4 {[%emt 0:00:37]} 7. O-O {[%emt 0:01:48]} c6 {[%emt 0:02:47]} 8. a4 {[%emt 0:07:55]} Na6 {[%emt 0:00:50]} 9. Ne5 {[%emt 0:10:28]} Ng4 {[%emt 0:02:32]} 10. f4 {[%emt 0:09:26]} c5 {[%emt 0:47:51]} 11. e3 {[%emt 0:11:46]} cxd4 {[%emt 0:00:28]} 12. exd4 {[%emt 0:02:26]} Nf6 {[%emt 0:07:14]} 13. Kh1 {[%emt 0:08:17]} Nb4 {[%emt 0:02:18]} 14. Nxc4 {[%emt 0:04:02]} Bg4 {[%emt 0:03:12]} 15. Qd2 {[%emt 0:03:39]} Qc8 {[%emt 0:03:29]} 16. Ne5 {[%emt 0:06:25]} Bh3 {[%emt 0:00:35]} 17. Qe2 {[%emt 0:02:39]} Bxg2+ {[%emt 0:00:33]} 18. Kxg2 {[%emt 0:00:14]} Qe6 {[%emt 0:06:57]} 19. Rd1 {[%emt 0:06:01]} Rac8 {[%emt 0:00:55]} 20. Be3 {[%emt 0:04:46]} Nfd5 {[%emt 0:00:11]} 21. Nxd5 {[%emt 0:02:16]} Nxd5 {[%emt 0:02:43]} 22. Re1 {[%emt 0:00:30]} Nxe3+ {[%emt 0:06:43]} 23. Qxe3 {[%emt 0:00:16]} Rc2+ {[%emt 0:00:29]} 24. Re2 {[%emt 0:01:26]} Rfc8 {[%emt 0:00:13]} 25. Kf2 {[%emt 0:00:34]} Rxe2+ {[%emt 0:01:27]} 26. Qxe2 {[%emt 0:00:15]} Qb3 {[%emt 0:02:20]} 27. Ra3 {[%emt 0:00:39]} Qb4 {[%emt 0:00:53]} 28. Ke3 {[%emt 0:00:37]} Rd8 {[%emt 0:03:40]} 29. Rd3 {[%emt 0:00:39]} Qxa4 {[%emt 0:00:14]} 30. Nf3 {[%emt 0:00:29]} e6 {[%emt 0:01:24]} 31. Qd2 {[%emt 0:00:11]} Qb5 {[%emt 0:00:53]} 32. Rc3 {[%emt 0:00:34]} Qb6 {[%emt 0:00:23]} 33. Rc4 {[%emt 0:00:33]} Bf8 {[%emt 0:01:57]} 34. Qc3 {[%emt 0:00:07]} a5 {[%emt 0:00:49]} 35. b3 {[%emt 0:00:08]} h6 {[%emt 0:01:02]} 36. Rc7 {[%emt 0:00:32]} Bd6 {[%emt 0:01:09]} 37. Rc4 {[%emt 0:00:27]} Bb4 {[%emt 0:00:38]} 38. Qc2 {[%emt 0:00:03]} Kg7 {[%emt 0:00:20]} 39. Rc7 {[%emt 0:01:08]} Bd6 {[%emt 0:00:18]} 40. Rc4 {[%emt 0:00:14]} Qb5 {[%emt 0:00:15]} 41. Qc3 {[%emt 0:00:13]} Qd5 {[%emt 0:00:24]} 42. Qc2 {[%emt 0:01:04]} b5 {[%emt 0:00:13]} 43. Rc6 {[%emt 0:00:12]} Ra8 {[%emt 0:00:58]} 44. Rb6 {[%emt 0:00:56]} a4 {[%emt 0:00:11]} 45. Qc6 {[%emt 0:00:35]} Qxc6 {[%emt 0:01:02]} 46. Rxc6 {[%emt 0:00:02]} a3 {[%emt 0:00:24]} 47. Rc1 {[%emt 0:00:08]} a2 {[%emt 0:00:47]} 48. Ra1 {[%emt 0:00:07]} Ba3 {[%emt 0:00:45]} 49. Rxa2 {[%emt 0:01:23]} Bc1+ {[%emt 0:00:01]} 50. Rd2 {[%emt 0:00:10]} Kf6 {[%emt 0:00:41]} 51. Kd3 {[%emt 0:00:26]} Bxd2 {[%emt 0:00:05]} 52. Nxd2 {[%emt 0:00:13]} Ra2 {[%emt 0:00:29]} 53. Ne4+ {[%emt 0:00:39]} Ke7 {[%emt 0:00:17]} 54. h4 {[%emt 0:00:57]} Rg2 {[%emt 0:00:06]} 0-1

[Event "Belgrade Spring Open 2021"]
[Site "Belgrade"]
[Date "2021.04.09"]
[Round "9.10"]
[White "Draskovic, Luka"]
[Black "Kocyigit, Buse Naz"]
[Result "1-0"]
[WhiteElo "2472"]
[BlackElo "2103"]
[Annotator "RC"]
[PlyCount "87"]
[EventDate "2021.04.02"]
[EventType "swiss"]
[EventCountry "SRB"]
[SourceTitle "playchess.com"]
[Source "ChessBase"]
[SourceQuality "1"]
[TimeControl "5400+30"]

1. c4 {[%emt 0:00:00]} Nf6 {[%emt 0:04:04]} 2. Nc3 {[%emt 0:00:00]} g6 {[%emt 0:00:05]} 3. g3 {[%emt 0:00:05]} Bg7 {[%emt 0:00:05]} 4. Bg2 {[%emt 0:00:04]} O-O {[%emt 0:00:06]} 5. d4 {[%emt 0:00:39]} d6 {[%emt 0:00:11]} 6. Nf3 {[%emt 0:00:05]} c6 {[%emt 0:00:05]} 7. e4 {[%emt 0:00:28]} Qa5 {[%emt 0:00:12]} 8. O-O {[%emt 0:00:19]} e5 {[%emt 0:00:18]} 9. h3 {[%emt 0:00:30]} Nbd7 {[%emt 0:00:07]} 10. Qc2 {[%emt 0:01:10]} exd4 {[%emt 0:06:29]} 11. Nxd4 {[%emt 0:00:53]} Ne5 {[%emt 0:07:01]} 12. b3 {[%emt 0:01:42]} Qb6 {[%emt 0:00:06]} 13. Be3 {[%emt 0:01:54]} c5 {[%emt 0:00:37]} 14. Nde2 {[%emt 0:01:39]} Re8 {[%emt 0:05:56]} 15. Rad1 {[%emt 0:02:30]} Be6 {[%emt 0:11:25]} 16. f4 {[%emt 0:05:30]} Nc6 {[%emt 0:03:37]} 17. Rxd6 {[%emt 0:15:53]} Nd4 {[%emt 0:07:08]} 18. Nxd4 {[%emt 0:03:22]} Qxd6 {[%emt 0:00:14]} 19. e5 {[%emt 0:01:18]} Qd7 {[%emt 0:04:18]} 20. Nxe6 {[%emt 0:03:46]} Qxe6 {[%emt 0:09:08]} 21. Bxc5 {[%emt 0:01:55]} Nd7 {[%emt 0:00:50]} 22. Bf2 {[%emt 0:01:25]} Qa6 {[%emt 0:20:07]} 23. Nb5 {[%emt 0:11:46]} Rec8 {[%emt 0:01:37]} 24. Qd2 {[%emt 0:04:24]} Nf8 {[%emt 0:01:34]} 25. a4 {[%emt 0:01:57]} Rd8 {[%emt 0:03:32]} 26. Nd6 {[%emt 0:06:10]} Rd7 {[%emt 0:03:39]} 27. c5 {[%emt 0:06:05]} Rad8 {[%emt 0:02:37]} 28. Rc1 {[%emt 0:02:44]} Rc7 {[%emt 0:01:28]} 29. Bf1 {[%emt 0:03:47]} Qc6 {[%emt 0:00:23]} 30. Qe3 {[%emt 0:08:13]} Re7 {[%emt 0:02:29]} 31. Bg2 {[%emt 0:00:36]} Qa6 {[%emt 0:02:05]} 32. Qf3 {[%emt 0:01:23]} Rdd7 {[%emt 0:01:56]} 33. Qc3 {[%emt 0:01:53]} b6 {[%emt 0:00:53]} 34. Bf1 {[%emt 0:03:48]} Qa5 {[%emt 0:00:13]} 35. Qxa5 {[%emt 0:01:32]} bxa5 {[%emt 0:00:02]} 36. c6 {[%emt 0:00:16]} Rc7 {[%emt 0:00:25]} 37. Nb5 {[%emt 0:00:10]} Ne6 {[%emt 0:00:57]} 38. Nxc7 {[%emt 0:00:07]} Rxc7 {[%emt 0:00:31]} 39. Bg2 {[%emt 0:01:53]} Bf8 {[%emt 0:00:12]} 40. Bd5 {[%emt 0:00:12]} Ba3 {[%emt 0:01:22]} 41. Rc2 {[%emt 0:01:09]} Ng7 {[%emt 0:00:57]} 42. Bxa7 {[%emt 0:00:43]} Nf5 {[%emt 0:00:51]} 43. Bb6 {[%emt 0:00:11]} Rc8 {[%emt 0:00:34]} 44. c7 {[%emt 0:00:14]} 1-0